Random Boroughs of London - Statistics

General Stats
  • This quiz has been taken 24 times
  • The average score is 4 of 5
Answers on the Map
Answers color-coded by a green-red scale on the quiz's map according to % correct below.
 
Answer Stats
Borough % Correct
Barking and Dagenham
100%
Barnet
100%
Bexley
100%
Camden
100%
Ealing
100%
Enfield
100%
Hackney
100%
Haringey
100%
Harrow
100%
Havering
100%
Islington
100%
Kensington and Chelsea
100%
Kingston upon Thames
100%
Lambeth
100%
Merton
100%
Newham
100%
Redbridge
100%
Richmond upon Thames
100%
Tower Hamlets
100%
Waltham Forest
75%
Bromley
50%
Hammersmith and Fulham
50%
Wandsworth
50%
Westminster
50%
Sutton
33%
Brent
0%
Croydon
0%
Greenwich
0%
Hillingdon
0%
Hounslow
0%
Lewisham
0%
Southwark
0%
No matching quizzes found
Score Distribution
Percent of People with Each Score
Percentile by Number Answered
Your Score History
You have not taken this quiz